000 00277nam a22001337a 4500
008 170202b xxu||||| |||| 00| 0 eng d
020 _a070993007508
041 _aeng
080 _a61
100 _a3
101 _aSHM
245 _aFIT FOR LIFE
_cDIAMOND, M
942 _2udc
_cBK
999 _c4313
_d4313